Statistiques concernant Culture Générale - Série 1863

Cliquez ici pour prendre le quiz!

Statistiques générales

  • Ce quiz a été pris 68 fois
  • Le résultat moyen est 3 sur 10

Statistiques - réponses

QuestionRéponse% Correct
Dans quel département français se trouve la ville de Sarlat-la-Canéda ?Dordogne
74%
Quelle est la capitale du Soudan du Sud ?Djouba
47%
Qu'est-ce qu'une "girelle" ?poisson
47%
Quelle rivière traverse la ville d'Epinal, située dans les Vosges ?Moselle
45%
De quel pays le "rand" est-il l'unité monétaire ?Afrique du Sud
32%
Quel mot de 9 lettres commençant par "h" désigne un cheval maigre, efflanqué ?haridelle
18%
Quel nom donne-t-on à une auberge espagnole ?posada
17%
Quel est le nom du coquillage appelé couramment "couteau" ? voir photosolen
15%
Dansle film "Françoise Dolto, le désir de vivre", réalisé en 2008 par Serge Le Péron, quelle actrice incarne Françoise Dolto ?Josiane Balasko
12%
Complétez le titre du film réalisé en 1939 par Maurice Cammage, avec comme acteur principal Fernandel : " Les cinq sous de ...Lavarède
9%

Distribution des résultats

Percentile par nombre de réponses

% des personnes avec chaque résultat

Votre développement - résultats

Vous n’avez pas pris ce quiz